Introduction to liquid crystals chemistry and physics (Record no. 1214439)

MARC details
000 -LEADER
fixed length control field 01076nam a2200325Ia 4500
003 - CONTROL NUMBER IDENTIFIER
control field OSt
005 - DATE AND TIME OF LATEST TRANSACTION
control field 20221007124949.0
008 - FIXED-LENGTH DATA ELEMENTS--GENERAL INFORMATION
fixed length control field 221006b |||||||| |||| 00| 0 eng d
020 ## - INTERNATIONAL STANDARD BOOK NUMBER
International Standard Book Number 9781138298767 (pbk)
037 ## - SOURCE OF ACQUISITION
Terms of availability Textual
040 ## - CATALOGING SOURCE
Original cataloging agency CDL
Transcribing agency CDL
Language of cataloging eng
041 ## - LANGUAGE CODE
Source of code eng
Language code of text/sound track or separate title eng
100 ## - MAIN ENTRY--PERSONAL NAME
Personal name Collings Peter J
9 (RLIN) 721141
245 #0 - TITLE STATEMENT
Title Introduction to liquid crystals chemistry and physics
Remainder of title Goodby John W
250 ## - EDITION STATEMENT
Edition statement 2
260 ## - PUBLICATION, DISTRIBUTION, ETC.
Place of publication, distribution, etc. Boca
Name of publisher, distributor, etc. Raton CRC Press
Date of publication, distribution, etc. 2020
300 ## - PHYSICAL DESCRIPTION
Extent xiii, 517p. ill.
Dimensions cm.
500 ## - GENERAL NOTE
General note Bibliography 509-510p.; Index 511-517p.
650 ## - SUBJECT ADDED ENTRY--TOPICAL TERM
Topical term or geographic name entry element Calamitic liquid
9 (RLIN) 721142
650 ## - SUBJECT ADDED ENTRY--TOPICAL TERM
Topical term or geographic name entry element Chiral liquid crystals
9 (RLIN) 721143
650 ## - SUBJECT ADDED ENTRY--TOPICAL TERM
Topical term or geographic name entry element Liquid crystals
650 ## - SUBJECT ADDED ENTRY--TOPICAL TERM
Topical term or geographic name entry element Chemistry
700 ## - ADDED ENTRY--PERSONAL NAME
Personal name Goodby John W
9 (RLIN) 721144
942 ## - ADDED ENTRY ELEMENTS (KOHA)
Classification part E225:(C216), R0 Carc
Koha item type Textual
Source of classification or shelving scheme Colon Classification (CC)
Holdings
Withdrawn status Lost status Source of classification or shelving scheme Damaged status Not for loan Home library Current library Date acquired Source of acquisition Total Checkouts Full call number Barcode Date last seen Price effective from Koha item type
    Colon Classification (CC)     Department of Chemistry Library Department of Chemistry Library 2022-10-07 1626, 30/12/2019, New India Book Agency   E225:(C216) R0 Carc CD0009398 2022-10-07 2022-10-07 Textual
Copyright @ Delhi University Library System